Jouluvisa #1 - Statistics

Yleistilastot
  • Tätä visaa on pelattu 1 261 kertaa
  • Keskiarvotulos 14 / 20
Vastaustilastot
Kysymys Vastaus % Oikein
Missä joulupukki asuu suomalaisten mukaan? Korvatunturilla
97%
Mikä on punakuonoisen poron nimi? Petteri
96%
Kuka oli Jeesuksen äiti? Maria
90%
Minkä löytäminen riisipuurosta tietää hyvää onnea? Mantelin
87%
Mikä voitaikinapohjainen ja tähdenmuotoinen leivonnainen on suosittu jouluherkku? Joulutorttu
84%
Mikä juhlapäivä päättää virallisesti joulunajan? Loppiainen
83%
Mitä joulupukki tuo tuhmille lapsille jouluna? Risuja
83%
Mihin Jeesus-vauva laitettiin nukkumaan sängyn puuttuessa? Seimeen
79%
Missä kaupungissa Jeesus syntyi? Betlehemissä
76%
Miten sanotaan espanjaksi "hyvää joulua"? Feliz Navidad
71%
Missä joulupukki asuu yhdysvaltalaisten mukaan? Pohjoisnavalla
69%
Minkälaisella kalenterilla lasketaan päiviä jouluun? {Adventti}kalenterilla
66%
Mikä Tšaikovskin baletti esitetään usein joulunaikaan? Pähkinänsärkijä
61%
Mikä Karl Collanin säveltämä joululaulu on valittu kauneimmaksi joululauluksi? {Sylvian} joululaulu
58%
Mikä on suomenkielinen käännös saksalaiselle joululaululle "O, Tannenbaum"? Oi kuusipuu
56%
Mikä on olkikruunuksikin kutsuttu kahdeksansivuisista tahokkaista muodostuva joulukoriste? Himmeli
47%
Mihin pyhimykseen joulupukki perustuu? Pyhään Nikolaukseen
47%
Mikä on joulupukin vastine Venäjällä? Pakkasukko
44%
Ja mihin päivään joulunaika päättyy suomalaisessa kansanperinteessä? Nuutinpäivään
40%
Kuka kirjoitti runon, jonka pohjalta yllä oleva sävellettiin? Zacharias Topelius
24%
Ehtoja vastaavia visoja ei löytynyt
Tulosjakauma
Jokaisen tuloksen saaneiden osuus
Persentiili vastausten määrän mukaan
Tuloshistoriasi
Et ole pelannut tätä visaa